| 000 | 01191nam1a2200265 4500 | ||
|---|---|---|---|
| 001 | RU\NLR\BIBL_A\012075399 | ||
| 005 | 20250807190302.0 | ||
| 035 | _a(NLR Aleph) 012075399 | ||
| 090 |
_a75616 _c75616 |
||
| 100 | _a20190814d1941 c y0rusy50 ca | ||
| 101 | 0 | _achm | |
| 102 | _aRU | ||
| 105 | _aa z 000 y | ||
| 200 | 1 |
_aМары йӹлмӹ учебник _eтӹнгӓлтӹш шк. тыменьшӹвлӓлӓн _eграмматика дон правописани _fС. А. Черновский дон Н. П. Седов |
|
| 210 |
_aМосква _cРСФСР Наркомпросын гос. учеб.-пед. изд-во _d1941 |
||
| 215 | _d22 | ||
| 541 | 1 |
_aУчебник марийского языка _eграмматика и правописание _zrus |
|
| 606 | 1 |
_aМарийский язык _jУчебные издания для средней школы _2nlr_sh2 _3RU\NLR\auth\66654117 |
|
| 689 | 1 | _aШ166.32-921 | |
| 700 | 1 |
_aЧерновский _bС. А. _gСпиридон Алексеевич _4070 |
|
| 852 |
_aNLR _bОНЛ _jМар.г./3-725 |
||
| 942 | _cBOOK | ||
| 945 | _aРоссийская национальная библиотека | ||
| 980 | _aBV | ||